BIBLIOTECA

SENCICO

Proyecto remodelación de la Biblioteca Manuel Solari Swayne Museo de Arte de Lima / (Registro nro. 4976)

Detalles MARC
000 -LEADER
fixed length control field 01097nam a22002657a 4500
003 - CONTROL NUMBER IDENTIFIER
control field PE SENCICO BE
005 - DATE AND TIME OF LATEST TRANSACTION
control field 20251020182707.0
008 - FIXED-LENGTH DATA ELEMENTS--GENERAL INFORMATION
fixed length control field 240301b |||||||| |||| 00| 0 eng d
040 ## - CATALOGING SOURCE
Original cataloging agency PE SENCICO BE
Transcribing agency PE SENCICO BE
041 ## - LANGUAGE CODE
Language code of text/sound track or separate title spa
084 ## - OTHER CLASSIFICATION NUMBER
Classification number I
-- DIS
-- 1998
Item number F23
100 1# - MAIN ENTRY--PERSONAL NAME
9 (RLIN) 2001
Personal name Farfán Falcón, David
Relator term autor
245 1# - TITLE STATEMENT
Title Proyecto remodelación de la Biblioteca Manuel Solari Swayne Museo de Arte de Lima /
Statement of responsibility, etc. David Farfán Falcón
260 ## - PUBLICATION, DISTRIBUTION, ETC.
Place of publication, distribution, etc. Lima :
Date of publication, distribution, etc. 1998
300 ## - PHYSICAL DESCRIPTION
Extent [20] h. :
Other physical details il. col., fotog. ;
Dimensions 30 x 42 cm.
502 ## - DISSERTATION NOTE
Dissertation note Monografía de Titulación.-- Servicio Nacional de Capacitación para la Industria de la Construcción. Escuela Superior Técnica. Carrera Profesional Técnica en Diseño de Interiores, 1998
650 10 - SUBJECT ADDED ENTRY--TOPICAL TERM
9 (RLIN) 44
Topical term or geographic name entry element Diseño de interiores
650 20 - SUBJECT ADDED ENTRY--TOPICAL TERM
9 (RLIN) 2002
Topical term or geographic name entry element Bibliotecas
650 20 - SUBJECT ADDED ENTRY--TOPICAL TERM
9 (RLIN) 2003
Topical term or geographic name entry element Remodelación
650 20 - SUBJECT ADDED ENTRY--TOPICAL TERM
9 (RLIN) 940
Topical term or geographic name entry element Proyectos de edificaciones
650 20 - SUBJECT ADDED ENTRY--TOPICAL TERM
9 (RLIN) 615
Topical term or geographic name entry element Planos
710 1# - ADDED ENTRY--CORPORATE NAME
Corporate name or jurisdiction name as entry element Servicio Nacional de Capacitación para la Industria de la Construcción.
Subordinate unit Escuela Superior Técnica
9 (RLIN) 1065
910 ## - USER-OPTION DATA (OCLC)
-- hfp
-- hfp
942 ## - ADDED ENTRY ELEMENTS (KOHA)
Koha item type Monografía de Titulación
Source of classification or shelving scheme Dewey Decimal Classification
Existencias
Fecha de la última vez que lo usaron Número de ingreso o de inventario Pago total Signatura topográfica completa Código de barras Precio efectivo desde Tipo de documento Estado perdido Estado dañado No es para préstamo Retirado Ubicación permanente Ubicación actual Fecha de adquisición
01/03/2024 I-00525   I/DIS/1998/F23/v. 1 BibLima24030005 01/03/2024 Monografía de Titulación         Biblioteca Central Lima Biblioteca Central Lima 01/03/2024
04/03/2024 I-00527   I/DIS/1998/F23/v. 2 BibLima24030007 04/03/2024 Monografía de Titulación         Biblioteca Central Lima Biblioteca Central Lima 04/03/2024